000 01684cam a2200409 a 4500
005 20260322212011.0
008 data
010 _a 95009752
020 _a0590381962
020 _a9780590381963
040 _aDLC
_cDLC
_dDLC
042 _alcac
043 _ae-ne---
_ae-ne---
050 0 0 _aDS135.G5
_bL336 1996
082 0 0 _aB
_aB
_220
092 _a940.53 L336 1997
100 1 _aPerl, Lila.
245 1 0 _aFour perfect pebbles :
_ba Holocaust story /
_cLila Perl & Marion Blumenthal Lazan.
260 _aNew York :
_bScholastic Inc,
_c1997, c1996.
300 _axi, 130 p. :
_bill. ;
_c24 cm.
504 _aIncludes bibliographical references (p. 129-130).
600 1 0 _aLazan, Marion Blumenthal
_xJuvenile literature.
_xJuvenile literature.
600 1 1 _aLazan, Marion Blumenthal
_xChildhood and youth.
610 2 0 _aWesterbork (Concentration camp)
_xJuvenile literature.
610 2 0 _aBergen-Belsen (Concentration camp)
_xJuvenile literature.
650 0 _aJews
_zGermany
_xJuvenile literature.
_xJuvenile literature.
650 0 _aHolocaust, Jewish (1939-1945)
_xJuvenile literature.
_xJuvenile literature.
650 1 _aJews
_zGermany
_xBiography.
650 1 _aHolocaust, Jewish (1939-1945)
_xPersonal narratives.
651 0 _aGermany
_xJuvenile literature.
_xJuvenile literature.
651 1 _aWesterbork (Netherlands : Concentration camp)
651 1 _aBergen-Belsen (Germany : Concentration camp)
700 1 _aLazan, Marion Blumenthal.
856 4 2 _3Publisher description
_uhttp://www.loc.gov/catdir/description/hc044/95009752.html
856 4 2 _3Contributor biographical information
_uhttp://www.loc.gov/catdir/enhancements/fy0911/95009752-b.html
001 data
999 _c230
_d230